000 00820nam a22002412 4500
001 0000024433
005 20151217152302.0
008 130925s xx 000 0 eng d
020 _a0071628792 :
040 _aKABU
_cKABU
100 1 _aSomers, Kenneth D.
_@0000184549
245 1 0 _aLange flash cards :
_bMicrobiology & infectious diseases /
_cKenneth D. Somers, Stephen A. Morse.
250 _a2nd ed.
260 _aNew York :
_bMcGraw-Hill Medical,
_c2010.
300 _acards (various pagings) ;
650 0 _aCommunicable diseases.
_@0000184412
650 0 _aMicrobiology.
_@0000155702
700 1 _aMorse, Stephen A.
_@0000184550
852 1 _9p2960 KES
852 1 _9p2960 KES
908 _a130925
950 _@1
999 _c10277
_d10277